LEADER 02733oam 2200649I 450 001 9910453013303321 005 20200520144314.0 010 $a0-429-08715-2 010 $a981-4364-46-0 024 7 $a10.1201/b14781 035 $a(CKB)2550000001100899 035 $a(OCoLC)895722556 035 $a(CaPaEBR)ebrary11007136 035 $a(SSID)ssj0000885276 035 $a(PQKBManifestationID)11536555 035 $a(PQKBTitleCode)TC0000885276 035 $a(PQKBWorkID)10947137 035 $a(PQKB)10793171 035 $a(MiAaPQ)EBC1220124 035 $a(Au-PeEL)EBL1220124 035 $a(CaPaEBR)ebr11007136 035 $a(CaONFJC)MIL502284 035 $a(OCoLC)853360721 035 $a(OCoLC)848162560 035 $a(EXLCZ)992550000001100899 100 $a20180331d2013 uy 0 101 0 $aeng 135 $aurcnu|||||||| 181 $ctxt 182 $cc 183 $acr 200 10$aEngineering of polysaccharide materials $eby phosphorylase-catalyzed enzymatic chain-elongation /$fJun-ichi Kadokawa, Yoshiro Kaneko 205 $aFirst edition. 210 1$aSingapore :$cPan Stanford Pub.,$d2013. 215 $a1 online resource (140 p.) 300 $aBibliographic Level Mode of Issuance: Monograph 311 $a1-299-71033-6 311 $a981-4364-45-2 320 $aIncludes bibliographical references at the end of each chapters. 327 $a1. Introduction -- 2. General scope for enzymatic tools in engineering of polysaccharide materials -- 3. Phosphorylase-catalyzed enzymatic glycosylation -- 4. Phosphorylase-catalyzed enzymatic polymerization -- 5. Chemoenzymatic synthesis of amylose-grafted synthetic polymers by utilizing phosphorylase catalysis -- 6. Chemoenzymatic synthesis of amylose-grafted biopolymers by utilizing phosphorylase catalysis -- 7. Preparation of amylose-polymer inclusion complexes in phosphorylase-catalyzed enzymatic polymerization (vine-twining polymerization) -- 8. Extension of vine-twining polymerization by phosphorylase catalysis -- 9. Carbohydrate engineering by phosphorylase catalysis -- 10. Preparation of amylose-based nanomaterials by phosphorylase catalysis. 606 $aPolysaccharides$xSynthesis 606 $aPolymerization 606 $aChemical engineering 608 $aElectronic books. 615 0$aPolysaccharides$xSynthesis. 615 0$aPolymerization. 615 0$aChemical engineering. 676 $a547.782 700 $aKadokawa$b Jun-ichi.$0945707 701 $aKaneko$b Yoshiro$0945708 801 0$bMiAaPQ 801 1$bMiAaPQ 801 2$bMiAaPQ 906 $aBOOK 912 $a9910453013303321 996 $aEngineering of polysaccharide materials$92135547 997 $aUNINA LEADER 03331nam 2200853Ia 450 001 9910792231203321 005 20230721015402.0 010 $a0-19-989017-X 010 $a1-281-15877-1 010 $a0-19-802877-6 010 $a9786611158774 010 $a1-4356-1720-7 010 $a0-19-512375-1 035 $a(CKB)2560000000296684 035 $a(EBL)415568 035 $a(OCoLC)307619480 035 $a(SSID)ssj0000207145 035 $a(PQKBManifestationID)11185639 035 $a(PQKBTitleCode)TC0000207145 035 $a(PQKBWorkID)10229063 035 $a(PQKB)10216312 035 $a(SSID)ssj0000592049 035 $a(PQKBManifestationID)12283419 035 $a(PQKBTitleCode)TC0000592049 035 $a(PQKBWorkID)10727768 035 $a(PQKB)11212354 035 $a(StDuBDS)EDZ0000023779 035 $a(MiAaPQ)EBC415568 035 $a(Au-PeEL)EBL415568 035 $a(CaPaEBR)ebr10211997 035 $a(CaONFJC)MIL115877 035 $a(EXLCZ)992560000000296684 100 $a20070404d2008 uy 0 101 0 $aeng 135 $aur|n|---||||| 181 $ctxt 182 $cc 183 $acr 200 10$aMusic, language, and the brain$b[electronic resource] /$fAniruddh D. Patel 210 $aNew York ;$aOxford $cOxford University Press$d2008 215 $a1 online resource (526 p.) 300 $aDescription based upon print version of record. 311 $a0-19-975530-2 311 $a0-19-984803-3 320 $aIncludes bibliographical references (p. 419-485) and indexes. 327 $aSound elements: pitch and timbre -- Rhythm -- Melody -- Syntax -- Meaning -- Evolution. 330 $aIn the first comprehensive study of the relationship between music and language from the standpoint of cognitive neuroscience, Aniruddh D. Patel challenges the widespread belief that music and language are processed independently. Since Plato's time, the relationship between music and language has attracted interest and debate from a wide range of thinkers. Recently, scientific research on this topic has been growing rapidly, as scholars from diverse disciplines, including linguistics, cognitive science, music cognition, and neuroscience are drawn to the music-language interface as one way to 606 $aAuditory perception$xPhysiological aspects 606 $aCognitive neuroscience 606 $aCommunication 606 $aLanguage acquisition$xPhysiological aspects 606 $aMusic and language 606 $aMusic$xPhysiological aspects 606 $aMusic$xPsychological aspects 606 $aSchemas (Psychology) 606 $aSociobiology$xComparative method 615 0$aAuditory perception$xPhysiological aspects. 615 0$aCognitive neuroscience. 615 0$aCommunication. 615 0$aLanguage acquisition$xPhysiological aspects. 615 0$aMusic and language. 615 0$aMusic$xPhysiological aspects. 615 0$aMusic$xPsychological aspects. 615 0$aSchemas (Psychology) 615 0$aSociobiology$xComparative method. 676 $a781.11 700 $aPatel$b Aniruddh D$01529804 801 0$bMiAaPQ 801 1$bMiAaPQ 801 2$bMiAaPQ 906 $aBOOK 912 $a9910792231203321 996 $aMusic, language, and the brain$93774281 997 $aUNINA